Politics in the European Union
Saved in:
| Main Authors: | , , , |
|---|---|
| Format: | Book |
| Language: | English |
| Published: |
Oxford :
Oxford University Press,
2015.
|
| Edition: | 4η έκδ. |
| Series: | The new European Union series
|
| Subjects: | |
| Tags: |
Add Tag
No Tags, Be the first to tag this record!
|
MARC
| LEADER | 00000nam a2200000 a 4500 | ||
|---|---|---|---|
| 001 | 1/112429 | ||
| 008 | 161130m2015####uk | ||| |||| ||eng|| | ||
| 020 | |a 9780199689668 | ||
| 040 | |a GR-MyUa |b gre |c GR-MyUa |e AACR2 | ||
| 041 | 0 | |a eng | |
| 082 | 7 | |a 341.242 |2 (23) | |
| 100 | 1 | |a George, Stephen, |d 1949- | |
| 245 | 1 | 0 | |a Politics in the European Union / |c Ian Bache, Simon Bulmer, Stephen George, Owen Parker. |
| 250 | |a 4η έκδ. | ||
| 260 | |a Oxford : |b Oxford University Press, |c 2015. | ||
| 300 | |a xxv, 604 σ. ; |c 25 εκ. | ||
| 490 | 1 | |a (The new European Union series). | |
| 504 | |a Βιβλιογραφία: σ. [637]-566. Ευρετήριο. | ||
| 651 | 0 | |a European Union countries. | |
| 651 | 0 | |a European Union countries |x Politics and government. | |
| 651 | 0 | |a European Union countries |x Politics and government |y 21st century. | |
| 700 | 1 | |a Bulmer, Simon, |e aut | |
| 700 | 1 | |a Bache, Ian, |e aut | |
| 700 | 1 | |a Parker, Owen, |e aut | |
| 830 | 4 | |a The new European Union series | |
| 852 | |a INST |b RHODES |e 20161130 |h 341.242 POL |p 005400038943 |q 005400038943 |t BK |y 0 | ||
| 922 | |a 4ΕΛΗ |b 2016/07 |c ΤΑΚ/ΒΙΒΛΙΟΘΗΚΗΣ |d ΔΙΑΔΡΟΜΕΣ | ||
| 970 | |z 30-11-2016 | ||